000 00710cam a2200217 a 4500
001 000001254
005 20200929145524.0
008 801007s1979 cu a 000 p eng d
040 _aDO-SdBNP
_cDLC
_dDLC
_dBNPHU
082 _aP861.42
_bS167
100 1 _aSalkey, Andrew,
_d1923-
_94259
245 1 0 _aIn the hills where her dreams live :
_bpoems for Chile, 1973-1978 /
_cAndrew Salkey.
260 _aHabana, Cuba :
_bCasa de las Americas,
_c1979.
300 _a46 p. :
_bil. ;
_c21 cm.
490 0 _aPremio Casa de las Americas poetry
650 4 _aPoesía panameña
_94260
650 4 _aLiteratura panameña
_94261
651 4 _aChile
_xPoesía
_94262
910 _aCatalogación por copia / LC
049 _aBNGR
999 _c1197
_d1197